00912cam a2200241 a 450000100100000000500170001000800410002703500190006803500200008704000300010704200120013708200170014910000400016624501450020626000430035130000210039460000370041565100380045291000330049004900090052395201210053299900170065300001992420240306073909.0840911s1990 cu 000 0bspa d a(DLC) 65040976 a(OCoLC)11142850 aDO-SdBNPcCoUdDLCdBNPHU apremarc a923.2bM378M1 aMañach, Jorge,d1898-1961.92941710aMartí :bel apóstol /cJorge Mañach ; revisión del prólogo Arinda Tur ; composición y proceso del prólogo Viviana Fernández. aLa Habana :bCiencias Sociales,c1990. a240 p. ;c18 cm.10aMartí, José,d1853-18959645 4aCubaxHistoriay1878-1895.916132 aCatalogación derivada / LC aBNGR 001054708MOaGRbGRcCTd2010-07-09iLF1l0o923.2 M378Mp19924-10r2020-06-25w2020-06-25y4ZPréstamo en sala c19437d19437